[Event "21st Reykjavik op"]
[Site "Reykjavik ISL"]
[Date "2004.03.16"]
[Round "9.6"]
[White "Markus, Robert"]
[Black "Rogers, Ian"]
[WhiteElo "2527"]
[BlackElo "2582"]
[Result "1-0"]
[EventDate "2004.03.07"]
[PlyCount "81"]

1.d4 d6 2.Nf3 Bg4 3.c4 Nd7 4.Nc3 e5 5.g3 Ngf6 6.Bg2 c6 7.O-O Be7 8.h3 Bxf3
9.exf3 O-O 10.f4 exd4 11.Qxd4 Qb6 12.Qd3 Nc5 13.Qc2 Rfe8 14.Be3 Qc7 15.b4 
Ncd7 16.Rad1 Bf8 17.Rd3 a6 18.Rfd1 Rac8 19.Rc1 Qb8 20.Ne2 d5 21.Qb2 dxc4 
22.Rxc4 Qc7 23.Rc1 Nb6 24.Bd4 Nbd5 25.a3 Qe7 26.Nc3 Rcd8 27.Nxd5 Nxd5 28.
Rcd1 Qe6 29.Be5 Rd7 30.Kh2 Nb6 31.Rxd7 Nxd7 32.Bd4 Qf5 33.Bf3 Qb5 34.Qc2 
Nb6 35.Be4 Nc4 36.Bxh7+ Kh8 37.a4 Qh5 38.Bd3 Na3 39.Qb3 Rd8 40.Be3 Nc4 41.
Be2 1-0

[Event "21st Reykjavik op"]
[Site "Reykjavik ISL"]
[Date "2004.03.16"]
[Round "9.7"]
[White "Erenburg, Sergey"]
[Black "Luther, Thomas"]
[WhiteElo "2523"]
[BlackElo "2572"]
[Result "1/2-1/2"]
[EventDate "2004.03.07"]
[PlyCount "282"]

1.e4 e5 2.Nf3 d6 3.d4 exd4 4.Nxd4 Nf6 5.Nc3 Be7 6.Be2 O-O 7.O-O Re8 8.f4 
Bf8 9.Bf3 c6 10.Kh1 Na6 11.Re1 Nc5 12.Nb3 d5 13.exd5 Rxe1+ 14.Qxe1 cxd5 
15.Be3 Nce4 16.Bd4 Bf5 17.Bxf6 Nxf6 18.Qe5 Bg4 19.Bxg4 Nxg4 20.Qe2 Qh4 21.
h3 Nf6 22.Qf3 Re8 23.Rf1 Re1 24.Kg1 Bb4 25.Qf2 Rxf1+ 26.Kxf1 Qxf2+ 27.Kxf2
Bxc3 28.bxc3 Ne4+ 29.Ke3 Nxc3 30.a3 Kf8 31.Na5 b6 32.Nc6 a5 33.Na7 Ke7 34.
Kd3 Na4 35.Nb5 Nc5+ 36.Kd4 Ne6+ 37.Kxd5 Nxf4+ 38.Kc6 Nxg2 39.Kxb6 Ne3 40.
c3 g5 41.Kxa5 h5 42.Nd4 f5 43.a4 f4 44.Kb6 Kd6 45.a5 Nc4+ 46.Kb5 Nxa5 47.
Kxa5 g4 48.hxg4 hxg4 49.Ne2 f3 50.Ng3 Ke5 51.c4 Kf4 52.Nh5+ Kg5 53.Ng3 Kf4
54.Nh5+ Ke3 55.c5 f2 56.Ng3 Kf3 57.c6 Kxg3 58.c7 f1=Q 59.c8=Q Qa1+ 60.Kb5 
Qb2+ 61.Ka5 Qe5+ 62.Ka6 Qe2+ 63.Ka5 Kh2 64.Qh8+ Kg2 65.Qd4 g3 66.Qd5+ Kh3 
67.Qd7+ Kh2 68.Qd6 Qe3 69.Ka4 Kg1 70.Qd1+ Kf2 71.Qc2+ Kf3 72.Qd1+ Kf4 73.
Qd6+ Qe5 74.Qd2+ Kg4 75.Qd7+ Kh4 76.Qh7+ Kg5 77.Qg8+ Kf4 78.Qf7+ Qf5 79.
Qc7+ Kg4 80.Qg7+ Kh3 81.Qh6+ Kg2 82.Qd2+ Qf2 83.Qd5+ Qf3 84.Qd2+ Kf1 85.
Qc1+ Kf2 86.Qd2+ Qe2 87.Qd4+ Qe3 88.Qf6+ Ke1 89.Qa1+ Ke2 90.Qb2+ Kf3 91.
Qh8 g2 92.Qh3+ Kf2 93.Qh4+ Kf1 94.Qc4+ Ke1 95.Qb4+ Kf2 96.Qh4+ Kg1 97.Qg4 
Qa7+ 98.Kb4 Qb6+ 99.Ka4 Qc6+ 100.Ka5 Qc3+ 101.Ka4 Qd3 102.Qf4 Qh3 103.Qd4+
Kh1 104.Qe4 Qh5 105.Kb4 Qh6 106.Ka5 Qg5+ 107.Ka6 Qf6+ 108.Ka7 Kh2 109.Qh7+
Kg3 110.Qg8+ Kf2 111.Qa2+ Kg1 112.Qb1+ Qf1 113.Qe4 Qf2+ 114.Ka8 Qa2+ 115.
Kb7 Qb3+ 116.Ka8 Kf2 117.Qd4+ Qe3 118.Qh4+ Ke2 119.Qc4+ Kf3 120.Qf7+ Qf4 
121.Qb3+ Kg4 122.Qg8+ Kh3 123.Qh7+ Qh4 124.Qd7+ Kh2 125.Qd6+ Kh1 126.Qd5 
Qf4 127.Qh5+ Kg1 128.Qd1+ Kf2 129.Qc2+ Kf3 130.Qd3+ Qe3 131.Qf5+ Kg3 132.
Qg6+ Kf2 133.Qc2+ Qe2 134.Qc5+ Kg3 135.Qd6+ Kf2 136.Qc5+ Qe3 137.Qc2+ Kf1 
138.Qd1+ Qe1 139.Qf3+ Kg1 140.Qf4 Qa5+ 141.Kb7 Qd5+ 1/2-1/2

[Event "21st Reykjavik op"]
[Site "Reykjavik ISL"]
[Date "2004.03.16"]
[Round "9.8"]
[White "Stefansson, Hannes"]
[Black "Olafsson, Helgi"]
[WhiteElo "2572"]
[BlackElo "2270"]
[Result "1/2-1/2"]
[EventDate "2004.03.07"]
[PlyCount "68"]

1.e4 c5 2.Nf3 d6 3.d4 cxd4 4.Nxd4 Nf6 5.Nc3 a6 6.Be3 e5 7.Nb3 Be6 8.f3 
Nbd7 9.g4 Nb6 10.g5 Nh5 11.Qd2 Be7 12.O-O-O O-O 13.Kb1 Rc8 14.Rg1 g6 15.
Qf2 Nc4 16.Bxc4 Rxc4 17.Nd5 Bxd5 18.Rxd5 b5 19.Qd2 Qb8 20.Rg2 Rfc8 21.Na5 
R4c7 22.Qb4 Ng7 23.f4 exf4 24.Bxf4 Qb6 25.a3 Ne6 26.Bxd6 Bxd6 27.Rxd6 Qe3 
28.Qd2 Qxe4 29.Re2 Qf4 30.Qxf4 Nxf4 31.Red2 Nh3 32.Rg2 Nf4 33.Rf2 Nh3 34.
Rg2 Nf4 1/2-1/2

[Event "21st Reykjavik op"]
[Site "Reykjavik ISL"]
[Date "2004.03.16"]
[Round "9.10"]
[White "Sedlak, Nikola"]
[Black "Korneev, Oleg"]
[WhiteElo "2539"]
[BlackElo "2566"]
[Result "0-1"]
[EventDate "2004.03.07"]
[PlyCount "55"]

1.Nf3 d5 2.d4 Nf6 3.c4 e6 4.g3 dxc4 5.Bg2 a6 6.O-O b5 7.Ne5 Nd5 8.a4 c6 9.
e4 Nf6 10.Nc3 Bb7 11.Be3 Be7 12.g4 O-O 13.g5 Nfd7 14.Qg4 c5 15.axb5 axb5 
16.Rad1 b4 17.Ne2 cxd4 18.Nxd7 Nxd7 19.Bxd4 Qc7 20.Ng3 Ne5 21.Bxe5 Qxe5 
22.Rd7 Ba6 23.Rxe7 Qd6 24.Nh5 Qxe7 25.Nf6+ Kh8 26.e5 Bb7 27.Rd1 Bxg2 28.
Rd7 0-1

[Event "21st Reykjavik op"]
[Site "Reykjavik ISL"]
[Date "2004.03.16"]
[Round "9.17"]
[White "Kononenko, Tatiana"]
[Black "Pavlovic, Milos"]
[WhiteElo "2353"]
[BlackElo "2548"]
[Result "1/2-1/2"]
[EventDate "2004.03.07"]
[PlyCount "103"]

1.d4 Nf6 2.c4 c5 3.d5 g6 4.Nc3 Bg7 5.e4 d6 6.f3 O-O 7.Be3 e6 8.Nge2 exd5 
9.cxd5 Nbd7 10.Ng3 h5 11.Be2 a6 12.a4 Nh7 13.O-O Re8 14.Qd2 f5 15.Bd3 Ne5 
16.Rae1 h4 17.Nge2 Rb8 18.Nf4 g5 19.Ne6 Bxe6 20.dxe6 f4 21.Bf2 h3 22.Rd1 
hxg2 23.Kxg2 Kh8 24.Be2 Rxe6 25.Bxc5 Qc8 26.Bxd6 Rh6 27.h4 Ra8 28.Rh1 g4 
29.fxg4 f3+ 30.Bxf3 Nc4 31.Qe2 Rxd6 32.Rxd6 Nxd6 33.e5 Nc4 34.Nd5 Nxe5 35.
Nb6 Qd8 36.Nxa8 Qxa8 37.Qe4 Qc8 38.Re1 Nf8 39.Qxb7 Qc2+ 40.Re2 Qc1 41.Qe4 
Neg6 42.Rc2 Nxh4+ 43.Kf2 Qh6 44.Qd5 Qb6+ 45.Ke2 Nhg6 46.Kf1 Be5 47.Be4 Qe3
48.Qd3 Qg5 49.Bxg6 Nxg6 50.Qf5 Qe3 51.Qe6 Qf3+ 52.Rf2 1/2-1/2

[Event "21st Reykjavik op"]
[Site "Reykjavik ISL"]
[Date "2004.03.16"]
[Round "9.19"]
[White "Thorfinnsson, Bjorn"]
[Black "Handke, Florian"]
[WhiteElo "2340"]
[BlackElo "2459"]
[Result "0-1"]
[EventDate "2004.03.07"]
[PlyCount "48"]

1.d4 g6 2.Nf3 Bg7 3.Bg5 d6 4.e3 Nd7 5.Nbd2 b6 6.c3 Bb7 7.Bd3 h6 8.Bh4 Ngf6
9.Qc2 c5 10.g4 g5 11.Bg3 h5 12.c4 h4 13.Nxg5 Nf8 14.d5 hxg3 15.fxg3 Nxg4 
16.Bf5 Bc8 17.Ne6 Nxe6 18.dxe6 Nxe3 19.Qe4 Nxf5 20.exf7+ Kf8 21.Qxa8 Nd4 
22.Kf2 Nc2 23.Nf3 Nxa1 24.Rxa1 Qd7 0-1

[Event "21st Reykjavik op"]
[Site "Reykjavik ISL"]
[Date "2004.03.16"]
[Round "9.21"]
[White "Gunnarsson, Jon Viktor"]
[Black "Vidarsson, Jon"]
[WhiteElo "2376"]
[BlackElo "2333"]
[Result "1-0"]
[EventDate "2004.03.07"]
[PlyCount "143"]

1.e4 b6 2.d4 Bb7 3.Bd3 e6 4.Qe2 d6 5.Nf3 Nd7 6.O-O g6 7.c3 Bg7 8.Bg5 Ne7 
9.Nbd2 h6 10.Be3 O-O 11.Rfe1 Nf6 12.h3 a5 13.a4 Qd7 14.Bf4 Rad8 15.Bh2 Bc6
16.d5 exd5 17.e5 dxe5 18.Qxe5 Nc8 19.Qxc7 Bxa4 20.Qb8 Ne4 21.Nxe4 dxe4 22.
Bxe4 Bc6 23.Ne5 Bxe5 24.Qxe5 Bxe4 25.Qxe4 Qb5 26.Be5 f5 27.Qh4 Rde8 28.Bd4
Kh7 29.Rxe8 Qxe8 30.Be3 h5 31.Qg5 Qf7 32.Bf4 Qf6 33.Qh6+ Kg8 34.Re1 Qg7 
35.Qg5 Qf6 36.Qh6 Qg7 37.Re6 Qxh6 38.Bxh6 Rd8 39.Rxg6+ Kh7 40.Rc6 Rd6 41.
Rxc8 Kxh6 42.Kf1 Kg5 43.Ke2 Rd5 44.c4 Re5+ 45.Kd3 h4 46.Rg8+ Kf4 47.Rh8 
Kg5 48.b3 Re6 49.g3 hxg3 50.fxg3 Rd6+ 51.Kc3 Re6 52.Rg8+ Kf6 53.Kb2 Re3 
54.h4 Re1 55.Rb8 Re6 56.Rg8 Ke5 57.Kc3 Ke4 58.h5 Rh6 59.Rg5 Rd6 60.Rg6 Rd1
61.h6 Rh1 62.Rxb6 Rh3 63.Re6+ Kf3 64.Rg6 Ke4 65.Kb2 Kd4 66.Ka3 Kc3 67.Ka4 
Rh1 68.Kxa5 Kxb3 69.c5 Kc4 70.Kb6 Rb1+ 71.Kc6 Rb5 72.h7 1-0

[Event "21st Reykjavik op"]
[Site "Reykjavik ISL"]
[Date "2004.03.16"]
[Round "9.26"]
[White "Halldorsson, Bragi"]
[Black "Sigfusson, Sigurdur"]
[WhiteElo "2211"]
[BlackElo "2285"]
[Result "0-1"]
[EventDate "2004.03.07"]
[PlyCount "84"]

1.d4 Nf6 2.c4 e6 3.Nf3 d5 4.Nc3 c6 5.Bg5 dxc4 6.e4 b5 7.e5 h6 8.Bh4 g5 9.
Nxg5 hxg5 10.Bxg5 Nbd7 11.exf6 Qb6 12.g3 Bb7 13.Bg2 O-O-O 14.O-O Bh6 15.h4
Bxg5 16.hxg5 Ne5 17.dxe5 Rxd1 18.Raxd1 c5 19.Rd6 Bxg2 20.Kxg2 Qb7+ 21.f3 
b4 22.Ne4 c3 23.g6 fxg6 24.Rd3 Qh7 25.Kf2 Qh2+ 26.Ke3 Qxb2 27.Rd6 g5 28.
Rc6+ Kb8 29.Rxc5 c2 30.f7 Qa3+ 31.Kd2 Rh2+ 32.Rf2 Rxf2+ 33.Nxf2 Qxf3 34.
Nd3 Qxf7 35.Kxc2 Qf3 36.Rb5+ Kc7 37.Rxb4 Qxg3 38.Rc4+ Kd7 39.a4 Qg1 40.Kc3
g4 41.Rf4 g3 42.Rg4 g2 0-1

[Event "21st Reykjavik op"]
[Site "Reykjavik ISL"]
[Date "2004.03.16"]
[Round "9.27"]
[White "Thorsteinsson, Thorsteinn"]
[Black "Ptacnikova, Lenka"]
[WhiteElo "2278"]
[BlackElo "2214"]
[Result "0-1"]
[EventDate "2004.03.07"]
[PlyCount "100"]

1.d4 Nf6 2.c4 e6 3.Nc3 Bb4 4.e3 b6 5.f3 O-O 6.e4 d5 7.Bg5 dxe4 8.fxe4 h6 
9.Bxf6 Qxf6 10.Nf3 c5 11.e5 Qf4 12.Qc1 Qxc1+ 13.Rxc1 cxd4 14.a3 Bxc3+ 15.
bxc3 dxc3 16.c5 bxc5 17.Rxc3 Nd7 18.Kf2 Rb8 19.a4 Rb1 20.Rg1 Ra1 21.Bb5 
Ra2+ 22.Kg3 a6 23.Bc6 Nb8 24.Rxc5 Nxc6 25.Rxc6 Rxa4 26.Rgc1 Bb7 27.Rb6 
Bxf3 28.gxf3 Rd8 29.Rb7 g5 30.Rcc7 Rf4 31.Rb3 Rd5 32.Ra7 a5 33.Ra3 Rxe5 
34.R3xa5 Rxa5 35.Rxa5 Kg7 36.Ra8 h5 37.Ra5 h4+ 38.Kg2 Kg6 39.Ra8 Kf5 40.
Ra5+ e5 41.Ra7 f6 42.Ra2 Rc4 43.Re2 Kf4 44.Ra2 f5 45.Rb2 Rd4 46.Ra2 Ke3 
47.Ra3+ Rd3 48.Ra4 Rd2+ 49.Kh3 Kxf3 50.Rf4+ gxf4 0-1

[Event "21st Reykjavik op"]
[Site "Reykjavik ISL"]
[Date "2004.03.16"]
[Round "9.28"]
[White "Bjornsson, Tomas"]
[Black "Hagesaether, Ellen"]
[WhiteElo "2256"]
[BlackElo "2194"]
[Result "1/2-1/2"]
[EventDate "2004.03.07"]
[PlyCount "47"]

1.e4 d6 2.d4 Nf6 3.Nc3 g6 4.f4 Bg7 5.Nf3 c5 6.dxc5 Qa5 7.Bd3 Qxc5 8.Qe2 
Bg4 9.Be3 Qa5 10.O-O O-O 11.h3 Bxf3 12.Qxf3 Nc6 13.a3 Nd7 14.Bd2 Qd8 15.
Rab1 a6 16.b4 e6 17.Ne2 Rc8 18.c4 a5 19.Rfd1 axb4 20.axb4 Ra8 21.Rb3 Qc7 
22.Be3 Ra4 23.Rdb1 Rfa8 24.Kh2 1/2-1/2

[Event "21st Reykjavik op"]
[Site "Reykjavik ISL"]
[Date "2004.03.16"]
[Round "9.30"]
[White "Johnsen, Sylvia"]
[Black "Bromann, Thorbjorn"]
[WhiteElo "2083"]
[BlackElo "2371"]
[Result "0-1"]
[EventDate "2004.03.07"]
[PlyCount "81"]

1.e4 e6 2.d4 d5 3.exd5 exd5 4.Bd3 Nc6 5.c3 Bd6 6.Qf3 Nf6 7.h3 h6 8.Ne2 Ne7
9.Nd2 Ng6 10.g3 Be6 11.Nf1 Qd7 12.Ne3 O-O-O 13.Nf5 Bf8 14.g4 Re8 15.Be3 
Ne4 16.h4 h5 17.gxh5 Bxf5 18.hxg6 Bxg6 19.Nf4 Bf5 20.Qg2 g6 21.O-O-O Be7 
22.f3 Nd6 23.Nxd5 Bxd3 24.Nxe7+ Qxe7 25.Rxd3 Rxh4 26.Re1 Rh5 27.Bd2 Qd7 
28.Rxe8+ Qxe8 29.b3 Nf5 30.Kb2 Qh8 31.Bf4 Rh4 32.Be5 Qh5 33.Rd2 Rh3 34.f4 
Ne3 35.Qg1 Qf3 36.d5 b6 37.c4 Kb7 38.Qg5 Nxc4+ 39.bxc4 Qa3+ 40.Kc2 Qxa2+ 
41.Bb2 0-1

[Event "21st Reykjavik op"]
[Site "Reykjavik ISL"]
[Date "2004.03.16"]
[Round "9.31"]
[White "Maack, Kjartan"]
[Black "Thorarinsson, Pall"]
[WhiteElo "2176"]
[BlackElo "2278"]
[Result "1/2-1/2"]
[EventDate "2004.03.07"]
[PlyCount "74"]

1.e4 e5 2.Nf3 d6 3.d4 Nf6 4.Nc3 Nbd7 5.Be2 c6 6.O-O b5 7.a3 Bb7 8.Re1 Be7 
9.h3 O-O 10.Bd3 a6 11.dxe5 dxe5 12.b3 Qc7 13.Bb2 Rfe8 14.Ne2 Rad8 15.Ng3 
Bc5 16.Qe2 Nf8 17.b4 Ba7 18.c4 Ng6 19.Qc2 Nf4 20.Bf1 bxc4 21.Qxc4 Bb8 22.
Rac1 h6 23.a4 a5 24.bxa5 Qxa5 25.Bc3 Qa7 26.a5 c5 27.a6 Bc8 28.Ba5 Rd6 29.
Qxc5 Bxa6 30.Qxa7 Bxa7 31.Bb4 Rde6 32.Bc5 Bxc5 33.Rxc5 Bxf1 34.Rxf1 Nd3 
35.Rc3 Nf4 36.Rc5 g6 37.Rb1 Nd3 1/2-1/2

[Event "21st Reykjavik op"]
[Site "Reykjavik ISL"]
[Date "2004.03.16"]
[Round "9.32"]
[White "Lehikoinen, Pertti"]
[Black "Sigurdsson, Johann Helgi"]
[WhiteElo "2234"]
[BlackElo "2002"]
[Result "0-1"]
[EventDate "2004.03.07"]
[PlyCount "48"]

1.d4 Nf6 2.c4 e5 3.dxe5 Ne4 4.a3 d6 5.Nf3 Nc6 6.exd6 Bxd6 7.e3 Qf6 8.Qc2 
Nc5 9.Bd3 Bg4 10.Nbd2 O-O-O 11.Be4 Nxe4 12.Nxe4 Qg6 13.Nxd6+ Qxd6 14.Nd2 
Ne5 15.O-O Qd3 16.Qa4 Kb8 17.Qb5 Rhe8 18.a4 a6 19.Qb4 Qg6 20.Ra3 Rxd2 21.
Rb3 b6 22.Bxd2 Nf3+ 23.Kh1 Qh5 24.h3 Bxh3 0-1

[Event "21st Reykjavik op"]
[Site "Reykjavik ISL"]
[Date "2004.03.16"]
[Round "9.33"]
[White "Kjartansson, Gudmundur"]
[Black "Thorsteinsson, Erlingur"]
[WhiteElo "2162"]
[BlackElo "2138"]
[Result "1-0"]
[EventDate "2004.03.07"]
[PlyCount "25"]

1.e4 e5 2.Nf3 Nc6 3.Bb5 Nf6 4.O-O Nxe4 5.Re1 Nd6 6.Nxe5 Be7 7.Bd3 Nxe5 8.
Rxe5 O-O 9.Nc3 Bf6 10.Re3 g6 11.b3 c6 12.Ba3 Be7 13.Qe1 1-0

[Event "21st Reykjavik op"]
[Site "Reykjavik ISL"]
[Date "2004.03.16"]
[Round "9.34"]
[White "Bergsson, Stefan"]
[Black "Fridjonsson, Julius"]
[WhiteElo "2036"]
[BlackElo "2176"]
[Result "0-1"]
[EventDate "2004.03.07"]
[PlyCount "102"]

1.e4 c6 2.d4 d5 3.e5 Bf5 4.Nc3 e6 5.g4 Bg6 6.Nge2 c5 7.Be3 Nc6 8.h4 f6 9.
h5 Bf7 10.f4 Be7 11.Bf2 Nh6 12.exf6 gxf6 13.Bh3 Rg8 14.Rg1 cxd4 15.Nxd4 e5
16.Nxc6 bxc6 17.fxe5 fxe5 18.Qe2 Qc7 19.O-O-O Bg5+ 20.Be3 O-O-O 21.Kb1 Be6
22.Bc5 Kb8 23.Ba3 Bf4 24.Rdf1 Bc8 25.Na4 Nf7 26.Nc5 Ng5 27.Bg2 Ka8 28.c4 
e4 29.cxd5 cxd5 30.Rd1 h6 31.Bh1 Rge8 32.Qb5 Qb6 33.Qa4 Be3 34.Rgf1 Bxc5 
35.Bxc5 Qxc5 36.Rc1 Qb6 37.Rc6 Bd7 38.Rxb6 Bxa4 39.Rxh6 Rf8 40.Rc1 Rc8 41.
Rxc8+ Rxc8 42.b3 Be8 43.Rf6 Bf7 44.Rf1 Be6 45.Rg1 Kb7 46.Kb2 Kc7 47.a4 Kd6
48.b4 Ke5 49.a5 Rc4 50.Kb3 d4 51.Ka4 a6 0-1

[Event "21st Reykjavik op"]
[Site "Reykjavik ISL"]
[Date "2004.03.16"]
[Round "9.35"]
[White "Gunnarsson, Runar"]
[Black "Ragnarsson, Johann"]
[WhiteElo "2016"]
[BlackElo "2122"]
[Result "1/2-1/2"]
[EventDate "2004.03.07"]
[PlyCount "57"]

1.e4 c6 2.d4 d5 3.Nd2 dxe4 4.Nxe4 Bf5 5.Ng3 Bg6 6.Nf3 Nd7 7.h4 h6 8.h5 Bh7
9.Bd3 Bxd3 10.Qxd3 Qc7 11.O-O e6 12.Re1 Ngf6 13.Ne5 Be7 14.f4 O-O 15.f5 
Nxe5 16.dxe5 Bc5+ 17.Kh1 Ng4 18.Qc4 Nf2+ 19.Kh2 Qe7 20.f6 gxf6 21.exf6 
Qxf6 22.Qxc5 Qh4+ 23.Kg1 Nh3+ 24.gxh3 Qxg3+ 25.Kf1 Qxh3+ 26.Ke2 Qg4+ 27.
Kf2 Qh4+ 28.Ke2 Qg4+ 29.Kf2 1/2-1/2

[Event "21st Reykjavik op"]
[Site "Reykjavik ISL"]
[Date "2004.03.16"]
[Round "9.37"]
[White "Ingibergsson, Valgard"]
[Black "Thorkelsson, Sigurjon"]
[WhiteElo "1920"]
[BlackElo "2012"]
[Result "1/2-1/2"]
[EventDate "2004.03.07"]
[PlyCount "90"]

1.e4 c5 2.c4 Nc6 3.g3 d6 4.Bg2 g6 5.Ne2 Bg7 6.Nbc3 e6 7.d3 Nge7 8.O-O O-O 
9.b3 a6 10.Bb2 Rb8 11.Qd2 b5 12.Nd1 e5 13.Ne3 Bh6 14.f4 Nd4 15.Bxd4 exd4 
16.Nd5 Nc6 17.h3 Be6 18.Kh2 bxc4 19.dxc4 Bxd5 20.exd5 Ne7 21.Be4 Re8 22.
Ng1 Rb7 23.Rae1 Nc8 24.Nf3 Rbe7 25.Bd3 Re3 26.Kg2 Bg7 27.Rxe3 dxe3 28.Qc2 
Qa5 29.Re1 h6 30.Re2 Qb4 31.Nh4 Nb6 32.Kf3 h5 33.Ng2 Nd7 34.Nxe3 Kf8 35.
Ng2 Rxe2 36.Kxe2 Qb7 37.Qd2 Bd4 38.Kf3 Nf6 39.Ne1 Nh7 40.Nc2 Bf6 41.b4 
cxb4 42.Qxb4 Qc7 43.a4 Be7 44.Nd4 Nf6 45.Nc6 Nd7 1/2-1/2

[Event "21st Reykjavik op"]
[Site "Reykjavik ISL"]
[Date "2004.03.16"]
[Round "9.38"]
[White "Ingolfsdottir, Harpa"]
[Black "Palsson, Halldor"]
[WhiteElo "2051"]
[BlackElo "2021"]
[Result "1-0"]
[EventDate "2004.03.07"]
[PlyCount "49"]

1.e4 c5 2.Nf3 Nc6 3.d4 cxd4 4.Nxd4 Nf6 5.Nc3 e5 6.Ndb5 d6 7.Bg5 a6 8.Bxf6 
gxf6 9.Na3 b5 10.Nd5 f5 11.exf5 b4 12.Nc4 Bxf5 13.c3 bxc3 14.bxc3 e4 15.
Qa4 Bd7 16.Ncb6 Ra7 17.Qxe4+ Ne5 18.f4 Bc6 19.fxe5 Qxb6 20.exd6+ Be7 21.
Nxb6 Bxe4 22.dxe7 Rxe7 23.O-O-O O-O 24.Nd7 Kh8 25.Nxf8 1-0